000 00313nam a22001337a 4500
008 170614b xxu||||| |||| 00| 0 eng d
020 _a9780226779928
041 _aeng
080 _a32
100 _a19
101 _aSHP
245 _aPOLITICAL TOLERANCE AND AMERICAN DEMOCRACY
_cSULLIVAN,J.L
942 _2udc
_cBK
999 _c17369
_d17369